000 00634nam a2200205Ia 4500
003 GCL
008 140319s9999 xx 000 0 ara d
040 _aGCL /
_cGCL
082 0 4 _a759.44
_bم ر
100 1 _aجورج مدبك
245 1 0 _aالرسام الفرنسى بول غوغان /
_cجورج مدبك
700 1 _aاحمد قبيعه
260 _aبيروت :
_bدار الراتب الجامعية ،
_c1996
300 _a56 ص ؛
_c22 سم
490 _aعالم الرسامين
_v0
650 0 4 _aالفنانون
650 0 4 _aالفنون التشكيلية
650 0 4 _aغوغان, بول
942 _2ddc
_cBK
999 _c51774
_d51774